000 00271nam a2200109Ia 4500
008 230907s9999||||xx |||||||||||||| ||und||
082 _a621.31
_bRED
245 0 _aElectrical power systems /
260 _aVenus Books,
_bNew Delhi :
_c2016
300 _a284 p.
942 _cBK
999 _c600051
_d600051